| 000 | 00856nam a2200229 a 4500 | ||
|---|---|---|---|
| 001 | 000246147 | ||
| 003 | AM-YeHGA | ||
| 005 | 20250618071645.0 | ||
| 008 | 030711s1895 gs 000 | arm d | ||
| 040 | _aAM-YeHGA | ||
| 041 | 1 | _aarm | |
| 100 | 1 |
_aԳարշին, Վսեվոլոդ _96748 |
|
| 245 | 1 | 0 |
_aԳոռոզ արմաւենին / _cՎ. Գարշին ; Թարգմ.՝ Հ.Ա.; Թիֆլիսի հայոց հրատ. ընկ. 100. |
| 260 |
_aՏփղիս : _bտպ. Մ. Շարաձէի, _c1895. |
||
| 300 |
_a20 էջ ; _c18 սմ. |
||
| 440 | 0 |
_aԺողովրդական գրադարան _95644 |
|
| 650 | 1 | 4 |
_aՌուս գրականություն _xՊատմվածք _94645 |
| 700 | 0 |
_aԱռաքելյան, Հ. _eթարգմ. _4trl |
|
| 710 | 2 | _aԹիֆլիսի հայոց հրատարակչական ընկերություն 100 | |
| 942 |
_2udc _cBK |
||
| 090 | _c89103 | ||
| 999 |
_c87818 _d87818 |
||